| 000 | 01310nac a22002771u 4500 | ||
|---|---|---|---|
| 010 | _a 2004025887 | ||
| 020 | _a0199276994 (alk. paper) | ||
| 082 | 0 | 0 |
_a303.625 _bGAM |
| 090 |
_c6914 _d6914 |
||
| 100 | _a20080729 | ||
| 245 | 0 | 0 |
_aMaking sense of suicide missions / _cedited by Diego Gambetta. |
| 260 |
_aOxford ; _aNew York : _bOxford University Press,2005 _c2005. |
||
| 300 |
_ax, 378 p. : _bill. ; _c25 cm. |
||
| 500 | _adistributer: Al-ahram | ||
| 504 | _aIncludes bibliographical references (p. [337]-356) and index. | ||
| 511 | _acatalogued by: wessam | ||
| 520 | _a"Suicide attacks are a defining act of political violence and an extraordinary social phenomenon. This book investigates the organizers of suicide missions and the perpetrators alike"--Provided by publisher. | ||
| 650 | 0 |
_aSuicide _xPolitical aspects. |
|
| 650 | 0 | _aSuicide bombings. | |
| 650 | 0 | _aKamikaze airplanes. | |
| 700 | 1 |
_aGambetta, Diego, _d1952- |
|
| 856 | 4 | 1 |
_3Table of contents only _uhttp://www.loc.gov/catdir/toc/ecip053/2004025887.html |
| 856 | 4 | 1 |
_3Publisher description _uhttp://www.loc.gov/catdir/enhancements/fy0638/2004025887-d.html |
| 942 |
_cBB _k303.625GAM |
||
| 999 |
_c6914 _d6914 |
||